000 00944nam a2200229 a 4500
001 BRCA_778
005 20190320203140.0
008 241005s1999----mx-a---###---#000-0#spa-d
050 4 _aHE859
_b.C37 1999
100 1 _aCarrasco Franco, German
_92588
245 1 0 _aEl Galeón español ´La Nao de China´ = Spanish Gallein ´Nao of China´
_cGerman Carrasco Franco ; colab. Diego Rodríguez ; Lourdes Rivera Carrasco y Alejandro Valle G.
260 _aMéxico
_bThe Win Fat Printing
_c1999
300 _aviii, 185 p.
_bil. a color
_c35 cm.
500 _aEl Galeón español ´La Nao de China´ : libro de fotografías = spanish Galleon ´Nao of China´ : a book of photographs
546 _aTexto en : español e inglés
650 1 4 _aGaleones
_xHistoria
_zEspaña
_92589
653 0 _aGaleón de Manila
700 1 _aRodríguez, Diego
_92590
700 1 _aCarrasco Rivera, Lourdes
_92591
700 1 _aValle G., Alejandro
_92592
942 _2lcc
_cB
999 _c675
_d675